Online
Catalog

Cuaderno de serpientes / (Record no. 50096)

MARC details
000 -CABECERA
campo de control de longitud fija 01322nam a22002897a 4500
003 - IDENTIFICADOR DEL NÚMERO DE CONTROL
campo de control DO-SdBNP
005 - FECHA Y HORA DE LA ÚLTIMA TRANSACCIÓN
campo de control 20240305094856.0
007 - CAMPO FIJO DE DESCRIPCIÓN FÍSICA--INFORMACIÓN GENERAL
campo de control de longitud fija ta
008 - DATOS DE LONGITUD FIJA--INFORMACIÓN GENERAL
campo de control de longitud fija 210713e2018 dr ||||er|||| 001 1dspa d
020 ## - NÚMERO INTERNACIONAL ESTÁNDAR DEL LIBRO
Número Internacional Estándar del Libro 9789945910582
040 ## - FUENTE DE LA CATALOGACIÓN
Centro catalogador/agencia de origen DO-SdBNP
Lengua de catalogación spa
Centro/agencia transcriptor BNPHU
041 ## - CÓDIGO DE LENGUA
Código de lengua original spa
082 #4 - NÚMERO DE LA CLASIFICACIÓN DECIMAL DEWEY
Número de edición 22
Número de documento/Ítem M379c
100 1# - ENTRADA PRINCIPAL--NOMBRE DE PERSONA
Nombre de persona Martín Paulino, José,
Fechas asociadas al nombre 1963-
9 (RLIN) 34433
245 10 - MENCIÓN DE TÍTULO
Título Cuaderno de serpientes /
Mención de responsabilidad, etc. Martín Paulino.
260 ## - PUBLICACIÓN, DISTRIBUCIÓN, ETC.
Lugar de publicación, distribución, etc. Santo Domingo :
Nombre del editor, distribuidor, etc. Últimos Monstruos Editores,
Fecha de publicación, distribución, etc. 2018
300 ## - DESCRIPCIÓN FÍSICA
Extensión 111 p. ;
Dimensiones 23 cm
490 ## - MENCIÓN DE SERIE
Mención de serie Más allá del Espejo;
Designación de volumen o secuencia 6
500 ## - NOTA GENERAL
Nota general Incluye biografía del autor en la solapa de la cubierta.
505 00 - NOTA DE CONTENIDO CON FORMATO
Título La película ciega.--
-- Ágata.--
-- Danza de la atarraya.--
-- La asunción de la reina.--
-- Apostasía.--
-- Serpiente burocrática.--
-- El descenso de el águila negra.--
-- La última velada.--
-- El ojo del diablo.--
-- Ritual de la perversidad.--
-- Ritual de la abundancia
-- Kábala.--
-- El árbol sagrado.--
-- Hijos de la noche.--
-- Parábola del hombre son retorno.--
-- Manjar para culpables.--
-- Memoria ancestral.--
-- Gatronomía atípica.--
590 ## - NOTA LOCAL (RLIN)
Nota local Inventariado 2021 / MF
650 #4 - PUNTO DE ACCESO ADICIONAL DE MATERIA--TÉRMINO DE MATERIA
9 (RLIN) 78264
Término de materia o nombre geográfico como elemento de entrada Literatura dominicana
650 #0 - PUNTO DE ACCESO ADICIONAL DE MATERIA--TÉRMINO DE MATERIA
9 (RLIN) 50038
Término de materia o nombre geográfico como elemento de entrada Novela de Ciencia Ficción
Subdivisión geográfica República Dominicana
830 ## - PUNTO DE ACCESO ADICIONAL DE SERIE-TÍTULO UNIFORME
Título uniforme Más allá del Espejo;
Lenguaje de la obra spa
Número de parte o sección de la obra 6
9 (RLIN) 79195
910 ## - DATOS DE OPCIÓN DEL USUARIO (OCLC)
Datos de opción del usuario MFeliz
942 ## - ELEMENTOS DE PUNTO DE ACCESO ADICIONAL (KOHA)
Fuente del sistema de clasificación o colocación Dewey Decimal Classification
Tipo de ítem Koha Libro
Holdings
Estado de retiro Estado de pérdida Fuente del sistema de clasificación o colocación Restricciones de uso No para préstamo Código de colección Localización permanente Ubicación/localización actual Ubicación en estantería Fecha de adquisición Fuente de adquisición Total de préstamos Signatura topográfica completa Código de barras Fecha visto por última vez Precio válido a partir de Tipo de ítem Koha Número de copia
    Dewey Decimal Classification Préstamo en sala   Dominicana de Servicio Biblioteca Nacional Pedro Henríquez Ureña General Depósito 17.10.2018 Donado por Rodolfo Báez   M379c 2021-25094 13.07.2021 13.07.2021 Libro y Folleto Colección Dominicana de Servicio e.3
    Dewey Decimal Classification Excluido de préstamo Excluido de préstamo Patrimonio Dominicano Biblioteca Nacional Pedro Henríquez Ureña Patrimonio Dominicano Depósito 17.10.2018 Donado por Rodolfo Báez   M379c 2021-25092 13.07.2021 13.07.2021 Libro y Folleto Colección Patrimonio Dominicano  
    Dewey Decimal Classification Excluido de préstamo Préstamo restrigido Patrimonio Dominicano Biblioteca Nacional Pedro Henríquez Ureña Patrimonio Dominicano Depósito 17.10.2018 Donado por Rodolfo Báez   M379c 2021-25093 13.07.2021 13.07.2021 Libro y Folleto Colección Patrimonio Dominicano e.2

Powered by Koha